000 01283nam a22003017a 4500
001 658
005 20231204113906.0
020 _a9780545273220 (hardcover : alk. paper)
020 _a9780545556088
040 _aDLC
_cDLC
_dDLC
_beng
050 0 0 _aQH515
_b.B26 2012
082 0 0 _a571.4/55
_223
100 1 _aBang, Molly
_eauthor
_eillustrator
245 1 0 _aOcean sunlight :
_bhow tiny plants feed the seas /
_cby Molly Bang and Penny Chisholm ; illustrated by Molly Bang.
260 _aNew York :
_bScholastic,
_c2012
300 _a48 unnumbered pages :
_bcolor illustrations ;
_c28 cm
505 _aM
520 _aExplains how all life on the Earth depends, directly or indirectly, on light from the sun, and describes how all ocean life, from the tiniest plankton to great whales, including the creatures in the darkest depths, form a web that uses sunshine.
521 _a670
_bLexile
521 _aM
_bRaz-Plus
650 0 _aPhotobiology
_vJuvenile literature.
650 0 _aMarine animals
_xEffect of light on
_vJuvenile literature.
650 0 _aPlants
_xEffect of light on
_vJuvenile literature.
650 0 _aSunshine
_vJuvenile literature.
700 1 _aChisholm, Penny
_ecoauthor
906 _a7
_bcbc
_corignew
_d1
_eecip
_f20
_gy-gencatlg
942 _2ddc
_cBK
_n0
999 _c658
_d658